معجم القراءات القرآنية مع مقدمة فى القراءات وأشهر القراء / (رقم التسجيلة. 179177)

تفاصيل مارك
000 -LEADER
fixed length control field 01294namaa22003131i 4500
003 - CONTROL NUMBER IDENTIFIER
control field EG-GICUC
005 - DATE AND TIME OF LATEST TRANSACTION
control field 20260405111334.0
008 - FIXED-LENGTH DATA ELEMENTS--GENERAL INFORMATION
fixed length control field 260405s1988 ku ||||jrd||| 001 0 ara d
040 ## - CATALOGING SOURCE
Original cataloging agency EG-GiCUC
Language of cataloging ara
Transcribing agency EG-GiCUC
Modifying agency EG-GiCUC
Description conventions rda
082 04 - DEWEY DECIMAL CLASSIFICATION NUMBER
Edition number 21
Classification number 228.03
Item number U48
092 04 - LOCALLY ASSIGNED DEWEY CALL NUMBER (OCLC)
Edition number 21
Classification number 228.03
Item number U48
099 ## - LOCAL FREE-TEXT CALL NUMBER (OCLC)
Classification number 228.03 U48 1988
100 1# - MAIN ENTRY--PERSONAL NAME
Personal name عمر، أحمد مختار
Relator term مؤلف.
245 1# - TITLE STATEMENT
Title معجم القراءات القرآنية مع مقدمة فى القراءات وأشهر القراء /
Statement of responsibility, etc. إعداد الدكتور أحمد مختار عمر، الدكتور عبد العال سالم مكرم
250 ## - EDITION STATEMENT
Edition statement الطبعة الثانية
264 ## - PRODUCTION, PUBLICATION, DISTRIBUTION, MANUFACTURE, AND COPYRIGHT NOTICE
Place of production, publication, distribution, manufacture الكويت :
Name of producer, publisher, distributor, manufacturer مطبوعات جامعة الكويت،
Date of production, publication, distribution, manufacture, or copyright notice 1988.
300 ## - PHYSICAL DESCRIPTION
Extent مجلدات 4 فى 8 ؛
Other physical details إيضاحيات ؛
Dimensions 24 سم
Accompanying material + 1 مجلد فهارس
336 ## - CONTENT TYPE
Source rdacontent
Content type term text
337 ## - MEDIA TYPE
Source rdamedia
Media type term Unmediated
338 ## - CARRIER TYPE
Source rdacarrier
Carrier type term volume
504 ## - BIBLIOGRAPHY, ETC. NOTE
Bibliography, etc. note يشتمل على ارجاعات ببليوجرافية
541 ## - IMMEDIATE SOURCE OF ACQUISITION NOTE
Source of acquisition د. جابر عصفور ؛
Address القاهرة ؛
Method of acquisition إهداء ؛
Date of acquisition 2024.
630 ## - SUBJECT ADDED ENTRY--UNIFORM TITLE
Uniform title القرآن
Form subdivision معاجم
General subdivision القراءات
650 17 - SUBJECT ADDED ENTRY--TOPICAL TERM
Source of heading or term qrmak
651 1# - SUBJECT ADDED ENTRY--GEOGRAPHIC NAME
Source of heading or term qrmak
700 1# - ADDED ENTRY--PERSONAL NAME
Personal name مكرم، عبد العال سالم
905 ## - Cataloger and Reviser Names
Cataloger Name Huda
942 ## - ADDED ENTRY ELEMENTS (KOHA)
Source of classification or shelving scheme Dewey Decimal Classification
Koha item type Books
Edition 21
Suppress in OPAC No
المقتنيات
Withdrawn status Lost status Source of classification or shelving scheme Damaged status Not for loan Home library Current library Date acquired Inventory number Total checkouts Full call number Barcode Date last seen Price effective from Koha item type
    Dewey Decimal Classification   Not for loan المكتبة المركزبة الجديدة - جامعة القاهرة قاعة المكتبات المهداة - الدور الرابع 05.04.2026 175214   228.03 U48 1988 v.1,2 Ref. J.U. 01000100175214001 05.04.2026 05.04.2026 Books
    Dewey Decimal Classification   Not for loan المكتبة المركزبة الجديدة - جامعة القاهرة قاعة المكتبات المهداة - الدور الرابع 05.04.2026 175214   228.03 U48 1988 v.3,4 Ref. J.U. 01000100175214002 05.04.2026 05.04.2026 Books
    Dewey Decimal Classification   Not for loan المكتبة المركزبة الجديدة - جامعة القاهرة قاعة المكتبات المهداة - الدور الرابع 05.04.2026 175214   228.03 U48 1988 v.5,6 Ref. J.U. 01000100175214003 05.04.2026 05.04.2026 Books
    Dewey Decimal Classification   Not for loan المكتبة المركزبة الجديدة - جامعة القاهرة قاعة المكتبات المهداة - الدور الرابع 05.04.2026 175214   228.03 U48 1988 v.7,8 Ref. J.U. 01000100175214004 05.04.2026 05.04.2026 Books
    Dewey Decimal Classification   Not for loan المكتبة المركزبة الجديدة - جامعة القاهرة قاعة المكتبات المهداة - الدور الرابع 05.04.2026 175214   228.03 U48 1988 Index Ref. J.U. 01000100175214005 05.04.2026 05.04.2026 Books
Cairo University Libraries Portal Implemented & Customized by: Eng. M. Mohamady Contacts: new-lib@cl.cu.edu.eg | cnul@cl.cu.edu.eg
CUCL logo CNUL logo
© All rights reserved — Cairo University Libraries
CUCL logo
Implemented & Customized by: Eng. M. Mohamady Contact: new-lib@cl.cu.edu.eg © All rights reserved — New Central Library
CNUL logo
Implemented & Customized by: Eng. M. Mohamady Contact: cnul@cl.cu.edu.eg © All rights reserved — Cairo National University Library